LIBRARY & INFORMATION CENTRE, KCAET, TAVANUR

ONLINE PUBLIC ACCESS CATALOGUE (OPAC)

Engineering formulas of conversions, definitions and tables / (Record no. 9645)

MARC details
000 -LEADER
fixed length control field 00389cam a2200145ua 4500
041 ## - LANGUAGE CODE
Language code of text/sound track or separate title eng
082 ## - DEWEY DECIMAL CLASSIFICATION NUMBER
Classification number 604.2
Item number SIM/EN
100 ## - MAIN ENTRY--AUTHOR NAME
Personal name Sims, Frank .
245 ## - TITLE STATEMENT
Title Engineering formulas of conversions, definitions and tables /
260 ## - PUBLICATION, DISTRIBUTION, ETC. (IMPRINT)
Place of publication Newyork :
Name of publisher Industrial press ,
Year of publication 1996.
300 ## - PHYSICAL DESCRIPTION
Number of Pages 385 ; .
942 ## - ADDED ENTRY ELEMENTS (KOHA)
Koha item type Books
Holdings
Withdrawn status Lost status Damaged status Home library Current library Date acquired Full call number Accession Number Koha item type
Withdrawn     KAUAET KAUAET 07/04/2012 604.2 20348 Reference
free website counter